| 000 -LEADER |
| fixed length control field |
00645nam a2200217Ia 4500 |
| 001 - CONTROL NUMBER |
| control field |
878 |
| 003 - CONTROL NUMBER IDENTIFIER |
| control field |
GE_BSU |
| 005 - DATE AND TIME OF LATEST TRANSACTION |
| control field |
20220920110900.0 |
| 008 - FIXED-LENGTH DATA ELEMENTS--GENERAL INFORMATION |
| fixed length control field |
181216s2001||||ge |||||||||||||| ||geo|| |
| 020 ## - INTERNATIONAL STANDARD BOOK NUMBER |
| International Standard Book Number |
531800363Х |
| 040 ## - CATALOGING SOURCE |
| Transcribing agency |
GE_BSU |
| 041 ## - LANGUAGE CODE |
| Language code of text/sound track or separate title |
geo |
| 080 ## - UNIVERSAL DECIMAL CLASSIFICATION NUMBER |
| Universal Decimal Classification number |
681.3.068(075.8) Д-93 |
| 100 ## - MAIN ENTRY--PERSONAL NAME |
| Personal name |
Дьяконов, В. |
| 9 (RLIN) |
14633 |
| 245 ## - TITLE STATEMENT |
| Title |
MATLAB 6 : |
| Remainder of title |
Учебный курс / |
| Statement of responsibility, etc. |
В. П. Дьяконов. |
| 264 ## - PRODUCTION, PUBLICATION, DISTRIBUTION, MANUFACTURE, AND COPYRIGHT NOTICE |
| Place of production, publication, distribution, manufacture |
СПБ : |
| Name of producer, publisher, distributor, manufacturer |
Питер, |
| Date of production, publication, distribution, manufacture, or copyright notice |
2001. |
| 300 ## - PHYSICAL DESCRIPTION |
| Extent |
592 стр. |
| 653 ## - INDEX TERM--UNCONTROLLED |
| keyword |
ინფორმატიკა |
| 653 ## - INDEX TERM--UNCONTROLLED |
| keyword |
საინფორმაციო ტექნოლოგიები |
| 942 ## - ADDED ENTRY ELEMENTS (KOHA) |
| Koha item type |
წიგნი |
| Source of classification or shelving scheme |
|